000 00343pab a2200145 454500
008 180718b1990 xxu||||| |||| 00| 0 eng d
100 _aGupta, Vishwa Nath
245 _aWomen labour in tea planatations
260 _c1990
300 _a2-3,28
362 _aMay
650 _aWomen - Employment
773 _aSocial Welfare
909 _a21221
999 _c21221
_d21221